Quiz sull Italia - Statistics

Statistiche generali
  • Questo quiz è stato fatto 548 volte
    177 dall'ultimo reset
  • Il punteggio medio è 13 su 16
Statistiche sulle risposte
Hint Risposta % Corretto
Quanti sono i re di Roma? 7
96%
a quali mondiali l'italia non si è qualificata 1958 2018 2022
95%
Quanti Mondiali di Calcio ha vinto l' Italia? 4
95%
Quante regioni non sono bagnate dal mare? 5
95%
quali sono 2 isole non italiane a poca distanza dall'italia Corsica Malta
95%
é più grande la Sardegna o la Sicilia? Sicilia
95%
Quali sono i due tracciati italiani di F1 presenti nel mondiale 2025? Imola e Monza
94%
Qual è il fiume più lungo d' Italia? Po
93%
qual è il capoluogo di regione del Molise? Campobasso
92%
Con quali paesi confina L' Italia? Francia,Austria,Svizzera,Slovenia,San Marino, Città del Vaticano
91%
Quali sono le province del Lazio? Roma,Viterbo,Rieti,Frosinone, Latina
89%
chi è il tennista Italiano più forte attualmente al 2025? Sinner
87%
chi ha vinto il mondiale di pallavolo maschile del 2022? Italia
61%
chi ha vinto il titolo piloti di moto Gp nel 2022 e nel 2023 Francesco Bagnaia
57%
che marca è la 488 Pista? Ferrari
48%
quante sono le uscite nel Grande Raccordo Anulare? 33
37%
Nessun quiz corrispondente trovato
Distribuzione punteggi
Percentuale di utenti per punteggio
Percentile per numero di risposta
I tuoi punteggi nel tempo
Non hai fatto questo quiz dall'ultimo reset